|
|
|
|
| LEADER |
00000cam a2200000 c 4500 |
| 001 |
1623078172 |
| 003 |
DE-627 |
| 005 |
20251225202631.0 |
| 007 |
tu |
| 008 |
170127s2017 xxu||||| 00| ||eng c |
| 010 |
|
|
|a 2016037534
|
| 020 |
|
|
|a 9781442273795
|c cloth
|9 978-1-4422-7379-5
|
| 020 |
|
|
|a 9781442273801
|c paper
|9 978-1-4422-7380-1
|
| 035 |
|
|
|a (DE-627)1623078172
|
| 035 |
|
|
|a (DE-576)482427019
|
| 035 |
|
|
|a (DE-599)BSZ482427019
|
| 035 |
|
|
|a (OCoLC)973171249
|
| 040 |
|
|
|a DE-627
|b ger
|c DE-627
|e rda
|
| 041 |
|
|
|a eng
|
| 044 |
|
|
|c XD-US
|c XA-GB
|
| 050 |
|
0 |
|a HV6431
|
| 082 |
0 |
|
|a 363.325091821
|
| 082 |
0 |
|
|a 363.32509182/1
|q LOC
|2 23
|
| 084 |
|
|
|a 2,1
|2 ssgn
|
| 084 |
|
|
|a MD 8920
|q BVB
|2 rvk
|0 (DE-625)rvk/122569:
|
| 084 |
|
|
|a 89.58
|2 bkl
|
| 100 |
1 |
|
|a Gurski, Phil
|e VerfasserIn
|0 (DE-588)1080967974
|0 (DE-627)845463209
|0 (DE-576)451452631
|4 aut
|
| 109 |
|
|
|a Gurski, Phil
|
| 245 |
1 |
0 |
|a Western foreign fighters
|b the threat to homeland and international security
|c Phil Gurski
|
| 264 |
|
1 |
|a Lanham
|a Boulder
|a New York
|a London
|b Rowman & Littlefield
|c [2017]
|
| 264 |
|
4 |
|c © 2017
|
| 300 |
|
|
|a xii, 173 Seiten
|
| 336 |
|
|
|a Text
|b txt
|2 rdacontent
|
| 337 |
|
|
|a ohne Hilfsmittel zu benutzen
|b n
|2 rdamedia
|
| 338 |
|
|
|a Band
|b nc
|2 rdacarrier
|
| 500 |
|
|
|a Includes bibliographical references (pages 167-169) and index
|
| 650 |
|
0 |
|a Terrorism
|x Prevention
|
| 650 |
|
0 |
|a Terrorism
|x Religious aspects
|x Islam
|
| 650 |
|
0 |
|a Terrorists
|x Recruiting
|x Western countries
|
| 650 |
|
0 |
|a Terrorists
|x Recruiting
|z Western countries
|
| 650 |
|
0 |
|a Terrorism
|x Religious aspects
|x Islam
|
| 650 |
|
0 |
|a Terrorism
|x Prevention
|
| 650 |
|
0 |
|a Security, International
|
| 689 |
0 |
0 |
|d s
|0 (DE-588)4027743-4
|0 (DE-627)106283499
|0 (DE-576)20897220X
|a Islam
|2 gnd
|
| 689 |
0 |
1 |
|d s
|0 (DE-588)4137178-1
|0 (DE-627)104458224
|0 (DE-576)209675438
|a Fundamentalismus
|2 gnd
|
| 689 |
0 |
2 |
|d s
|0 (DE-588)4059534-1
|0 (DE-627)106143212
|0 (DE-576)209131136
|a Terrorismus
|2 gnd
|
| 689 |
0 |
3 |
|d s
|0 (DE-588)4305296-4
|0 (DE-627)123187249
|0 (DE-576)21107599X
|a Djihad
|2 gnd
|
| 689 |
0 |
4 |
|d g
|0 (DE-588)4079237-7
|0 (DE-627)104197226
|0 (DE-576)209211644
|a Westliche Welt
|2 gnd
|
| 689 |
0 |
|
|5 (DE-627)
|
| 776 |
1 |
|
|z 9781442273818
|
| 776 |
0 |
8 |
|i Erscheint auch als
|n Online version
|a Gurski, Phil, author
|t Western foreign fighters
|d Lanham : Rowman & Littlefield, [2017]
|w (DLC)2016055714
|
| 776 |
0 |
8 |
|i Erscheint auch als
|n Online-Ausgabe
|a Gurski, Phil
|t Western Foreign Fighters
|d Lanham, MD : Rowman & Littlefield Publishers, 2016
|h 1 online resource (187 pages)
|w (DE-627)169069842X
|z 9781442273818
|k Electronic
|
| 787 |
0 |
8 |
|i Rezensiert in
|a Lazreg, Houssem Ben
|t [Rezension von: Gurski, Phil, Western foreign fighters]
|d 2020
|w (DE-627)1832525910
|
| 856 |
4 |
2 |
|u https://swbplus.bsz-bw.de/bsz482427019inh.htm
|m B:DE-576;DE-Frei85
|q application/pdf
|v 20170309140529
|x Verlag
|3 Inhaltsverzeichnis
|7 1
|
| 889 |
|
|
|w (DE-627)873928040
|
| 935 |
|
|
|a mkri
|
| 935 |
|
|
|i mdedup
|
| 936 |
r |
v |
|a MD 8920
|b Terror, Gewalt, Mord
|k Politologie
|k Politische Theorie, Grundbegriffe des Politischen
|k Politische Auseinandersetzung
|k Terror, Gewalt, Mord
|0 (DE-627)1271426560
|0 (DE-625)rvk/122569:
|0 (DE-576)201426560
|
| 936 |
b |
k |
|a 89.58
|j Politische Gewalt
|0 (DE-627)106416960
|
| 951 |
|
|
|a BO
|
| ELC |
|
|
|b 1
|
| LOK |
|
|
|0 000 xxxxxcx a22 zn 4500
|
| LOK |
|
|
|0 001 3249009121
|
| LOK |
|
|
|0 003 DE-627
|
| LOK |
|
|
|0 004 1623078172
|
| LOK |
|
|
|0 005 20170307094724
|
| LOK |
|
|
|0 008 170127||||||||||||||||ger|||||||
|
| LOK |
|
|
|0 040
|a DE-Frei85
|c DE-627
|d DE-Frei85
|
| LOK |
|
|
|0 852
|a DE-Frei85
|
| LOK |
|
|
|0 852 1
|m p
|9 00
|
| LOK |
|
|
|0 938
|k p
|
| LOK |
|
|
|0 939
|a 27-01-17
|b l01
|
| ORI |
|
|
|a SA-MARC-krimdoka001.raw
|